000
00182 a2200097 4500
020
_a
9781935955399
041
_a
eng
100
_a
Cynthia Weill
245
_a
Count Me In
942
_c
BK
999
_c
13465
_d
13465